Quality is personal: a foundation for total quality management
Guardat en:
| Autors principals: | , |
|---|---|
| Format: | Llibre |
| Idioma: | anglès |
| Publicat: |
Nueva York
The Free Press
1993
|
| Matèries: | |
| Etiquetes: |
Afegir etiqueta
Sense etiquetes, Sigues el primer a etiquetar aquest registre!
|
MARC
| LEADER | 00000nam a2200000 a 4500 | ||
|---|---|---|---|
| 001 | UCY0308 | ||
| 003 | CL-VaPUC | ||
| 008 | 940721e19930000US |||||||||||||||||eng|d | ||
| 082 | 0 | 4 | |a 658.562 |b ROB |2 21 |
| 100 | 0 | |a Roberts, Harry V |e author |9 327960 | |
| 700 | 0 | |a Sergesketter, Bernard F |e author |9 327961 | |
| 245 | 1 | 0 | |a Quality is personal: a foundation for total quality management |
| 300 | |a 169 p | ||
| 942 | |c BK | ||
| 945 | |d 19940721 00:00:00 |a mfernand | ||
| 260 | |a Nueva York |b The Free Press |c 1993 | ||
| 650 | 0 | |a Calidad total |9 259929 | |
| 650 | 0 | |a Control de calidad |9 259714 | |
| 583 | |a last modification |c 20170426 04:23:29 |k Rodrigo Vera | ||
| 999 | |c 229335 |d 229333 | ||
| 952 | |0 0 |1 0 |4 0 |6 658_562000000000000_ROB_1993 |7 0 |8 A |9 230298 |a BIBING |b BIBING |d 2019-11-15 |i 2997649 |o 658.562 ROB 1993 |p 2997649 |r 2025-01-20 |w 2019-11-15 |y BK |k EII | ||
| 952 | |0 0 |1 0 |4 0 |6 658_562000000000000_ROB_1993 |7 0 |8 A |9 230299 |a BIBING |b BIBING |d 2019-11-15 |i 4514777 |o 658.562 ROB 1993 |p 4514777 |r 2025-01-20 |w 2019-11-15 |y BK |k EII | ||